Russkije dueljanty dokumenty, svidetel'stva očevidcev, ispovedi, sud'by

Bibliographic Details
Other Authors: Lovatov, S. A. (Compiler)
Format: Book
Language:Russian
PhysicalDescription:358 s. 22 cm
Published: Čeljabinsk Arkaim c2003
ISBN:5802903104
Subjects:

MARC

LEADER 00000cam a2200000 a 4500
001 vtls008615846
003 SK-MaSNL
005 20260301205349.0
008 160627s2003 ru g 000 0 rus
020 |a 5802903104  |c 513.00 
035 |a SAVUKc210433 
040 |a SNK  |b slo  |c SNK  |e AACR2 
041 1 |a rus 
043 |a e-ru--- 
044 |a ru  |c RU 
072 7 |a 394  |x Verejný a společenský život. Každodenný život  |2 konspekt 
080 |a 394.84  |2 2001 
080 |a 343.613  |2 2001 
080 |a 929  |2 2001 
080 |a (470+571)  |2 2001 
080 |a (0.062)  |2 2001 
245 0 0 |a Russkije dueljanty  |b dokumenty, svidetel'stva očevidcev, ispovedi, sud'by  |c [sostavlenije, kommentarii i vstupitel'naja stat'ja S. A. Lovatova] 
260 |a Čeljabinsk  |b Arkaim  |c c2003 
300 |a 358 s.  |c 22 cm 
504 |a Bibliogr. 
650 0 7 |a súboje  |2 SNKPH  |9 58165 
650 0 7 |a duelanti  |2 SNKPH  |9 591372 
651 7 |a Rusko  |2 SNKPH  |9 17250 
655 7 |a populárno-náučné publikácie  |2 SNKPH  |9 70460 
700 1 |a Lovatov, S. A.  |4 com  |9 591373 
919 |a 5-8029-0310-4 
999 |c 909821  |d 911751 
952 |a SNK  |b SNK  |y VYP  |7 0  |p 17A0497907  |o snkIC 132955  |i snk2006/2894  |8 2  |g 6.31  |0 0  |1 0  |4 0  |d 2006-02-13  |l 0  |r 2026-02-24 07:40:18  |w 2026-02-24